00536nam a2200145 a 4500008004100000020001500041041000800056245006100064250007300125260003300198300001100231500010500242653001700347700002600364250421e1996 sp ||||f |||| 001 0 spa d a8449403685 aspa aDiccionario de Medicina Océano Mosby/bCarlos Gispert. a4ta. ed.bTraducción Lena Ferrús Estopá y Jorge Currel Guerra. aBarcelona:bÓceano;c1996. a1504p. aGispert, C. (Dir.). (1996). Diccionario de Medicina Océano Mosby. (4ta ed.). Barcelona : Océano. aDiccionario.1 aGispert, CarloseDir.